Capitale aléatoire d'Amérique du Sud. - Statistiques

Statistiques générales
  • Ce quiz a été pris 375 fois
  • Le résultat moyen est 8 sur 10
Statistiques - réponses
Pays Capitale % Correct
Pérou Lima
97%
Brésil Brasilia
95%
Argentine Buenos Aires
91%
Chili Santiago
89%
Colombie Bogota
88%
Uruguay Montevideo
85%
Equateur Quito
82%
Bolivie La Paz | Sucre
80%
Vénézuela Caracas
78%
Paraguay Asuncion
72%
Guyana Georgetown
63%
Suriname Paramaribo
56%
Aucun quiz correspondant
Distribution des résultats
% des personnes avec chaque résultat
Percentile par nombre de réponses
Votre historique - résultats
Vous n’avez pas pris ce quiz